Subjetividad, socialización política derechos en la escuela (Record no. 169251)
[ view plain ]
| 000 -CABECERA | |
|---|---|
| campo de control de longitud fija | 01529nab a2200265 ab4500 |
| 005 - FECHA Y HORA DE LA ÚLTIMA TRANSACCIÓN | |
| campo de control | 20251125110035.0 |
| 008 - ELEMENTOS DE LONGITUD FIJA--INFORMACIÓN GENERAL | |
| campo de control de longitud fija | 991125c2013 ck fr p 000 spa d |
| 003 - IDENTIFICADOR DEL NÚMERO DE CONTROL | |
| campo de control | |
| 035 ## - NÚMERO DE CONTROL DEL SISTEMA | |
| Número de control de sistema | UPN01000197150 |
| 049 ## - COLECCIÓN | |
| Colección | ART-E |
| 040 ## - FUENTE DE LA CATALOGACIÓN | |
| Centro catalogador/agencia de origen | MX-MxUPN |
| Lengua de catalogación | spa |
| Centro/agencia transcriptor | MX-MxUPN |
| Normas de descripción | aacr2 |
| 100 1# - ASIENTO PRINCIPAL--NOMBRE PERSONAL | |
| Nombre de persona | Palacios Mena, Nancy |
| 9 (RLIN) | 53115 |
| 100 ## - ASIENTO PRINCIPAL--NOMBRE PERSONAL | |
| Nombre de persona | Herrera González, José Darío |
| 245 1# - MENCIÓN DE TÍTULO | |
| Título | Subjetividad, socialización política derechos en la escuela |
| Medio | [recurso electrónico en línea] |
| 506 0# - NOTA DE RESTRICCIONES AL ACCESO | |
| Limitaciones de acceso | Acceso abierto |
| 520 3# - NOTA DE RESUMEN, ETC. | |
| Sumario, etc. | Este artículo es producto de la revisión del debate sobre la constitución de la subjetividad política, la socialización y la reivindicación de derechos en la escuela secundaria en el contexto colombiano. Su objetivo es analizar el estado de las discusiones sobre el papel de las tres categorías en la construcción del universo político y las prácticas políticas en la escuela, en un esfuerzo por integrar el análisis de lo microsocial y lo macrosocial, las cotidianidades y las coyunturas que atraviesan los agentes en la institución escolar que, a la vez, son constitutivas de los sujetos sociales. |
| Fuente proveedora | Magis. |
| 650 02 - ASIENTO SECUNDARIO DE MATERIA - TERMINO TEMATICO | |
| Término de materia o nombre geográfico como elemento de entrada | Subjetividad |
| 9 (RLIN) | 5009 |
| 653 0# - TERMINO DE INDIZACION - NO CONTROLADO | |
| Término no controlado | Prácticas políticas |
| 653 0# - TERMINO DE INDIZACION - NO CONTROLADO | |
| Término no controlado | Derechos del estudiante |
| 773 ## - ENLACE AL DOCUMENTO FUENTE/ENTRADA DE REGISTRO ANFITRIÓN | |
| Parte(s) relacionada(s) | Vol. 5, no. 11, (2013), p. 413-437 |
| Título | Magis: revista internacional de investigación en educación |
| Número Internacional Normalizado para Publicaciones Seriadas | 2027-1182 |
| 856 1# - LOCALIZACIÓN Y ACCESO ELECTRÓNICOS | |
| Identificador Uniforme del Recurso | <a href="http://revistas.javeriana.edu.co/index.php/MAGIS/article/view/5710">http://revistas.javeriana.edu.co/index.php/MAGIS/article/view/5710</a> |
| 902 ## - ELEMENTOS DE DATOS B LOCAL, LDB (RLIN) | |
| Creó | Leonor Sotres/251125 |
| 905 ## - TIPO DE MATERIAL | |
| Tipo de material | Articulo |
| 942 ## - ELEMENTOS DE PUNTO DE ACCESO ADICIONAL (KOHA) | |
| Tipo de ítem Koha | Artículo Electrónico |
| Estado de retiro | Estado de pérdida | Estado dañado | No para préstamo | Código de colección | Localización permanente | Ubicación/localización actual | Ubicación en estantería | Fecha de adquisición | Total de préstamos | Fecha visto por última vez | Identificador Uniforme del Recurso | Precio válido a partir de | Tipo de ítem Koha |
|---|---|---|---|---|---|---|---|---|---|---|---|---|---|
| Acceso abierto | Bib. Gregorio Torres Quintero | Bib. Gregorio Torres Quintero | En línea | 25/11/2025 | 25/11/2025 | https://revistas.javeriana.edu.co/index.php/MAGIS/article/view/5710 | 25/11/2025 | Artículo Electrónico |
